000 00238nam a2200097Ia 4500
001 685042
005 20250826161510.0
008 250824s9999 xx 000 0 und d
245 0 _aKAFES/S.İLERİ/EVEREST
_cSELİM İLERİ
260 _bEVEREST
999 _c685042
_d685042